Cycling: Mark Cavendish WT Wins - Statistics

General Stats
  • This quiz has been taken 10 times
  • The average score is 58 of 70
Answer Stats
Year Team Clue Answer % Correct
2008 Team Columbia Stage Tour de France
100%
2008 Team Columbia Stage Tour de France
100%
2008 Team Columbia Stage Tour de France
100%
2008 Team Columbia Stage Tour de France
100%
2009 Team Columbia - HTC Stage Tour de France
100%
2009 Team Columbia - HTC Stage Tour de France
100%
2009 Team Columbia - HTC Stage Tour de France
100%
2009 Team Columbia - HTC Stage Tour de France
100%
2009 Team Columbia - HTC Stage Tour de France
100%
2009 Team Columbia - HTC Stage Tour de France
100%
2010 Team HTC - Columbia Stage Tour de France
100%
2010 Team HTC - Columbia Stage Tour de France
100%
2010 Team HTC - Columbia Stage Tour de France
100%
2010 Team HTC - Columbia Stage Tour de France
100%
2010 Team HTC - Columbia Stage Tour de France
100%
2011 HTC - High Road Stage Tour de France
100%
2011 HTC - High Road Stage Tour de France
100%
2011 HTC - High Road Stage Tour de France
100%
2011 HTC - High Road Stage Tour de France
100%
2011 HTC - High Road Stage Tour de France
100%
2012 Sky Pro Cycling Stage Tour de France
100%
2012 Sky Pro Cycling Stage Tour de France
100%
2012 Sky Pro Cycling Stage Tour de France
100%
2013 Omega Pharma - Quick-Step Stage Tour de France
100%
2013 Omega Pharma - Quick-Step Stage Tour de France
100%
2015 Etixx - Quick Step Stage Tour de France
100%
2016 Team Dimension Data Stage Tour de France
100%
2016 Team Dimension Data Stage Tour de France
100%
2016 Team Dimension Data Stage Tour de France
100%
2016 Team Dimension Data Stage Tour de France
100%
2021 Deceuninck - Quick Step Stage Tour de France
100%
2021 Deceuninck - Quick Step Stage Tour de France
100%
2021 Deceuninck - Quick Step Stage Tour de France
100%
2021 Deceuninck - Quick Step Stage Tour de France
100%
2024 Astana Qazaqstan Team Stage Tour de France
100%
2008 Team Columbia Stage Giro d'Italia
90%
2008 Team Columbia Stage Giro d'Italia
90%
2009 Team Columbia - HTC Stage Giro d'Italia
90%
2009 Team Columbia - HTC Stage Giro d'Italia
90%
2009 Team Columbia - HTC Stage Giro d'Italia
90%
2011 HTC - High Road Stage Giro d'Italia
90%
2011 HTC - High Road Stage Giro d'Italia
90%
2012 Sky Pro Cycling Stage Giro d'Italia
90%
2012 Sky Pro Cycling Stage Giro d'Italia
90%
2012 Sky Pro Cycling Stage Giro d'Italia
90%
2013 Omega Pharma - Quick-Step Stage Giro d'Italia
90%
2013 Omega Pharma - Quick-Step Stage Giro d'Italia
90%
2013 Omega Pharma - Quick-Step Stage Giro d'Italia
90%
2013 Omega Pharma - Quick-Step Stage Giro d'Italia
90%
2013 Omega Pharma - Quick-Step Stage Giro d'Italia
90%
2022 Quick-Step Alpha Vinyl Team Stage Giro d'Italia
90%
2023 Astana Qazaqstan Team Stage Giro d'Italia
90%
2010 Team HTC - Columbia Stage Vuelta a España
90%
2010 Team HTC - Columbia Stage Vuelta a España
90%
2010 Team HTC - Columbia Stage Vuelta a España
90%
2009 Team Columbia - HTC Classic Milan San Remo
60%
2009 Team Columbia - HTC Stage Tirreno-Adriatico
50%
2012 Sky Pro Cycling Stage Tirreno-Adriatico
50%
2014 Omega Pharma - Quick-Step Stage Tirreno-Adriatico
50%
2009 Team Columbia - HTC Stage Tour de Suisse
40%
2009 Team Columbia - HTC Stage Tour de Suisse
40%
2014 Omega Pharma - Quick-Step Stage Tour de Suisse
40%
2008 Team Columbia Prologue Tour de Romandie
30%
2010 Team HTC - Columbia Stage Tour de Romandie
30%
2017 Team Dimension Data Stage Abu Dhabi Tour
20%
2007 T-Mobile Team Stage Eneco Tour
20%
2022 Quick-Step Alpha Vinyl Team Stage UAE Tour
20%
2007 T-Mobile Team Stage Volta Ciclista a Catalunya
20%
2007 T-Mobile Team Stage Volta Ciclista a Catalunya
20%
2010 Team HTC - Columbia Stage Volta Ciclista a Catalunya
20%
No matching quizzes found
Score Distribution
Percent of People with Each Score
Percentile by Number Answered
Your Score History
You have not taken this quiz